000 00581cam a22002053a 4500
001 45386
003 PGUSA
005 20140828084041.0
008 140414s2014||||xxu|||||s|||||000 | eng d
040 _aPGUSA
_beng
042 _adc
100 1 _aAdderup, Andrew
245 1 0 _aLincolniana :
_bOr The Humors of Uncle Abe
_h[electronic resource] /
_cAndrew Adderup
260 _bProject Gutenberg,
_c2014
506 _aPublic domain in the USA.
516 _aElectronic text
830 0 _aProject Gutenberg
_v45386
856 4 0 _uhttp://www.gutenberg.org/ebooks/45386
942 _cEB
999 _c274637
_d274637